Sports Quiz

Random Sports Quiz

Manchester United Players' Middle Names Quiz Stats

 Plays Quiz not verified by Sporcle

Score 0/16 Timer 05:00
0 Plays Today
% Correct
Peter Schmeichel
89.7%
Darren Fletcher
87.2%
Louis Saha
87.2%
Wayne Rooney
84.6%
Gabriel Heinze
84.6%
Patrice Evra
84.6%
Paul Scholes
82.1%
Ryan Giggs
82.1%
% Correct
Phil Neville
82.1%
Dwight Yorke
82.1%
Andy Cole
82.1%
Gary Neville
79.5%
Chris Smalling
79.5%
John O'Shea
79.5%
Wes Brown
79.5%
Owen Hargreaves
79.5%

You're not logged in!

Compare scores with friends on all Sporcle quizzes.
OR
Log In

You Might Also Like...

Show Comments

Extras

Top Quizzes Today


Score Distribution

Your Account Isn't Verified!

In order to create a playlist on Sporcle, you need to verify the email address you used during registration. Go to your Sporcle Settings to finish the process.

Report this User

Report this user for behavior that violates our Community Guidelines.

Details: